| 000 | 00322nam a22001217a 4500 | ||
|---|---|---|---|
| 999 |
_c58447 _d58444 |
||
| 100 | _aFahad | ||
| 100 | _a03IT13 | ||
| 245 | _aSecure Electronic Commerce with Set Protocol on Bison Simulator | ||
| 260 |
_aNawabshah: _bQUEST, _c2003. |
||
| 300 | _a65p. | ||
| 700 | _aDepartment of Mechanical Engineering | ||
| 942 | _cTHESIS | ||